000
00281nam a22000857a 4500
008
160912b xxu||||| |||| 00| 0 eng d
100
_9
377
_a
Jerath, S
245
_a
Together With Hands-on Grammar English Work Book - 1 (Teacher's Copy)
260
_a
New Delhi
_b
Rachna Sagar publication
_c
2008
999
_c
3036
_d
3036